De la Edad Media al Renacimiento: Ramón Llull-Nicolás de Cusa-Juan Pico della Mirandola

Сохранить в:
Библиографические подробности
Главный автор: Colomer, Eusebi (Автор)
Формат:
Язык:испанский
Опубликовано: Barcelona Herder 2012
Редактирование:2a. ed
Предметы:
Метки: Добавить метку
Нет меток, Требуется 1-ая метка записи!

MARC

LEADER 00000cam a2200000 a 4500
001 UCD7426
003 CL-VaPUC
005 20250303154912.0
008 170326e20120000sp |||||||||||||||||spa|d
999 |c 367461  |d 367459 
020 |a 9788425428524 
040 |c Pontificia Universidad Católica de Valparaíso 
082 0 4 |a 189  |b COL  |2 21 
100 |a Colomer, Eusebi  |e author  |9 334868 
245 1 0 |a De la Edad Media al Renacimiento: Ramón Llull-Nicolás de Cusa-Juan Pico della Mirandola 
250 |a 2a. ed 
260 |a Barcelona  |b Herder  |c 2012 
300 |a 277 p 
583 |a last modification  |c 20170531 12:54:40  |k Rodrigo Vera 
600 0 |a Llull, Ramón,  |d 1232-1316  |9 861252 
600 0 |a Cusa, Nicolás de  |9 265876 
600 0 7 |a MIRANDOLA, PICO DELLA  |2 CL-VaPUC  |9 548963 
650 0 |a Filosofía medieval  |9 256245 
650 0 |a Filosofía renacentista   |9 268121 
942 |c BK  |2 ddc 
945 |d 20170326 03:36:00  |a dcastane 
952 |0 0  |1 0  |3 erb  |4 0  |6 189_000000000000000_COL_2012  |7 0  |8 A  |9 482336  |a BIBHIS  |b BIBHIS  |i 5368189  |o 189 COL 2012  |p 5368189  |r 2025-01-20  |w 2019-11-24  |y BK  |z Catalogado en:20170326  |k HIS